Signo
Salvato in:
| Autore principale: | |
|---|---|
| Natura: | Libro |
| Lingua: | spagnolo |
| Pubblicazione: |
Barcelona
Labor
1976
|
| Serie: | Temas de Filosofía
|
| Soggetti: | |
| Tags: |
Aggiungi Tag
Nessun Tag, puoi essere il primo ad aggiungerne!!
|
MARC
| LEADER | 00000nam a2200000 a 4500 | ||
|---|---|---|---|
| 001 | UCO4915 | ||
| 003 | CL-VaPUC | ||
| 008 | 000825e19760000SP |||||||||||||||||spa|d | ||
| 082 | 0 | 4 | |a 401.41 |b ECO |2 21 |
| 100 | 0 | |a Eco, Umberto |e author |9 449605 | |
| 245 | 1 | 0 | |a Signo |
| 300 | |a 216 p | ||
| 942 | |c BK | ||
| 945 | |d 20000825 00:00:00 |a crobeson | ||
| 260 | |a Barcelona |b Labor |c 1976 | ||
| 650 | 0 | |a Símbolos |9 267425 | |
| 650 | 0 | |a Semiótica |9 265317 | |
| 650 | 0 | |a Filosofía del lenguaje |9 257082 | |
| 583 | |a last modification |c 20000825 00:00:00 |k Rodrigo Vera | ||
| 490 | 0 | |a Temas de Filosofía | |
| 999 | |c 290878 |d 290876 | ||